000 01628cam a22003614a 4500
005 20260322212009.0
008 data
010 _a 2006041956
020 _a9780072996531 (combined ed.: alk. paper)
020 _a0072996536 (combined ed.: alk. paper)
020 _a97800723266312 (v. 1, chapters 1-12)
020 _a0073266310 (v. 1, chapters 1-12)
020 _a978-0073266312 (v. 1, chapters 1-12)
040 _aDLC
_cDLC
042 _apcc
050 0 0 _aHF5635
_b.P975 2007
082 0 0 _a657
_222
092 _a657 Wil 2007
100 1 _aWild, John J.
245 1 0 _aFundamental accounting principles /
_cJohn J. Wild, Kermit D. Larson & Barbara Chiappetta.
250 _a18th ed.
260 _aBoston, Mass. :
_bMcGraw-Hill,
_c2007.
300 _a1 v. (unpagings) :
_bill. (some col.) ;
_c29 cm.
500 _aKermit D. Larson's name appears first on the 17th edition.
500 _aIncludes index.
650 0 _aAccounting.
700 1 _aLarson, Kermit D.
700 1 _aChiappetta, Barbara.
906 _a7
_bcbc
_corignew
_d1
_eocip
_f20
_gy-gencatlg
925 0 _aacquire
_b1 shelf copies
_xpolicy default
955 _esd96 2006-01-19 to Dewey
_fsf30 2006-09-19
_gsf30 2006-09-19 to BCCD
001 data
999 _c172
_d172